• 首页
  • 本馆介绍
  • 公告通知
  • 最新文献
  • 馆藏检索
  • 电子资源
  • 读者导购
  • 参考咨询
  • 我的图书馆
  • 登录
  • 详细信息显示
  • 放入我的书架
  • 预约/预借图书
  • 作者相关作品
  • 分类相关作品
  • 丛书相关作品
  • 出版社相关作品

书目信息

  • 表格格式
  • 工作单格式
  • 卡片格式
题名:
口腔疾病诊疗手册
    
 
作者: RobertP.Langlais , CraigS.Miller 著 ;陈江 , 闫福华 译
分册:  
出版信息: 福州   福建科学技术出版社  2005.05
页数: 328页
开本: 21cm
丛书名:
单 册:
中图分类: R78-62
科图分类:
主题词: 口腔颌面部疾病--kou qiang he mian bu ji bing--诊疗--手册
电子资源:
ISBN: 7-5335-2541-8
000 01024nam2 2200277 450
001 0100000271
005 20060622091459.62
010    @a7-5335-2541-8@dCNY62.00
100    @a20060612d2005 em y0chiy50 ea
101 0  @achi
102    @aCN@b350000
105    @akf z 000yy
200 1  @a口腔疾病诊疗手册@Akou qiang ji bing zhen liao shou ce@f(美)RobertP.Langlais,CraigS.Miller著@Fmei RobertP.Langlais,CraigS.Miller zhu@g闫福华,陈江译@Gyan fu hua chen jiang yi
205    @a彩图版
210    @a福州@c福建科学技术出版社@d2005.05
215    @a328页@c图,表@d21cm
327 1  @a书末有附录(298-328页)
330    @a本书包含了600多幅珍贵彩色及X线照片,而针对临床表现编排的图注,则便于读者形象地认识疾病,以资鉴别诊断。
606 0  @a口腔颌面部疾病@Akou qiang he mian bu ji bing@x诊疗@j手册
690    @aR78-62@v4
701  0 @aRobertP.Langlais@4著
701  0 @aCraigS.Miller@4著
702  0 @a陈江@Achen jiang@4译
702  0 @a闫福华@Ayan fu hua@4译
801    @aCN@bYXSD@c20060622
905    @aBZT@dR78-62@e2@f8
    
    口腔疾病诊疗手册/(美)RobertP.Langlais,CraigS.Miller著/闫福华,陈江译.-彩图版.-福州:福建科学技术出版社,2005.05
    328页:图,表;21cm
    
    部分内容:书末有附录(298-328页)
    ISBN 7-5335-2541-8:CNY62.00
    本书包含了600多幅珍贵彩色及X线照片,而针对临床表现编排的图注,则便于读者形象地认识疾病,以资鉴别诊断。
●
相关链接 在五车中查询图书 在当当中查询图书 在豆瓣中查询图书


正题名:口腔疾病诊疗手册     索取号:R78-62/2         预约/预借

序号 登录号 条形码 馆藏地/架位号 状态 备注
1 0448483   230006072   样本书库/样005架B面1层1列/ [索取号:R78-62/2] 在馆    
2 0448484   230006071   中心书库中库/ 中库014架B面5列4层7/ [索取号:R78-62/2] 在馆    
3 0448485   230006070   中心书库中库/ 中库014架B面5列4层9/ [索取号:R78-62/2] 在馆    
4 0448486   230006069   中心书库中库/ 中库014架B面5列4层5/ [索取号:R78-62/2] 在馆    
5 0448487   230006068   中心书库中库/ 中库014架B面5列4层6/ [索取号:R78-62/2] 在馆    
6 0448488   230006067   中心书库中库/ 中库014架B面5列4层4/ [索取号:R78-62/2] 在馆    
7 0448489   230006066   中心书库中库/ 中库014架B面5列4层8/ [索取号:R78-62/2] 在馆    
8 0448490   230006065   中心书库中库/ 中库014架B面5列4层10/ [索取号:R78-62/2] 在馆    
山东省滨州职业学院图书馆 欢迎您!
大连网信软件有限公司© 版权所有